[Event "Cappelle-la-Grande"]
[Site "Cappelle-la-Grande (FRA)"]
[Date "2013.02.27"]
[Round "6.158"]
[White "Briquet, Daniel"]
[Black "Kobayashi, Atsuhiko"]
[Result "1/2-1/2"]
[WhiteElo "1635"]
[BlackElo "1997"]
[PlyCount "54"]
[EventDate "2013.??.??"]

1. e4 e5 2. Nf3 Nc6 3. Bc4 Bc5 4. c3 Nf6 5. d3 a6 6. a4 d6 7. Bg5 Ba7 8. O-O
Be6 9. Nbd2 Qd7 10. Be3 O-O 11. Bxa7 Rxa7 12. Re1 Ne7 13. d4 Ng6 14. Be2 h6 15.
Kh1 Re8 16. d5 Bg4 17. Ng1 Nf4 18. f3 Bh5 19. Nf1 Bg6 20. Ne3 Raa8 21. Bf1 Nh7
22. g3 Nh5 23. Bh3 Qd8 24. Bf5 N5f6 25. Re2 Rb8 26. a5 Nf8 27. Bxg6 fxg6
1/2-1/2

[Event "Cappelle-la-Grande"]
[Site "Cappelle-la-Grande (FRA)"]
[Date "2013.02.27"]
[Round "6.165"]
[White "Bier, Armin"]
[Black "Bazimon, Alex"]
[Result "1-0"]
[WhiteElo "1965"]
[BlackElo "1490"]
[PlyCount "35"]
[EventDate "2013.??.??"]

1. d4 d5 2. c4 e6 3. Nc3 Nf6 4. Bg5 Bb4 5. Nf3 Nc6 6. e3 Bd7 7. cxd5 exd5 8.
Bd3 O-O 9. O-O Bg4 10. Bxf6 Qxf6 11. Nxd5 Qd6 12. Nxb4 Nxb4 13. Bxh7+ Kxh7 14.
Ng5+ Kg8 15. Qxg4 Qg6 16. f4 f6 17. Qe6+ Kh8 18. Rf3 1-0

[Event "Cappelle-la-Grande"]
[Site "Cappelle-la-Grande (FRA)"]
[Date "2013.02.27"]
[Round "6.166"]
[White "Brulin, Louis"]
[Black "Manet, Eric"]
[Result "1/2-1/2"]
[WhiteElo "1612"]
[BlackElo "1960"]
[PlyCount "108"]
[EventDate "2013.??.??"]

1. e4 c5 2. Nf3 d6 3. d4 cxd4 4. Qxd4 a6 5. Bc4 e6 6. Bg5 Nf6 7. Nc3 Be7 8.
O-O-O Qc7 9. Bb3 Nc6 10. Qd2 O-O 11. Bxf6 Bxf6 12. Qxd6 Qa5 13. Qd2 Rd8 14. Qe3
Bd7 15. Rhe1 Ne5 16. Nxe5 Bxe5 17. f4 Bxc3 18. Qxc3 Qxc3 19. bxc3 Rac8 20. Kb2
Bc6 21. Rxd8+ Rxd8 22. Re2 Rd1 23. g3 Kf8 24. Bc4 Ke7 25. e5 Bf3 26. Rf2 Be4
27. Bd3 Bxd3 28. cxd3 Rxd3 29. Kc2 Rd5 30. Rd2 Ra5 31. Kb3 f6 32. Re2 Rd5 33.
Kc2 Kd7 34. Kb3 fxe5 35. Rxe5 Rd2 36. Rh5 h6 37. Rh4 Kd6 38. Rg4 g5 39. fxg5
hxg5 40. Rxg5 Rxh2 41. g4 Rg2 42. Rg8 e5 43. g5 e4 44. g6 e3 45. Re8 e2 46. g7
Rxg7 47. Rxe2 Rg5 48. Re4 b6 49. Rd4+ Rd5 50. Rxd5+ Kxd5 51. a4 Kc5 52. c4 Kd6
53. Kb4 Kc6 54. a5 bxa5+ 1/2-1/2

[Event "Cappelle-la-Grande"]
[Site "Cappelle-la-Grande (FRA)"]
[Date "2013.02.27"]
[Round "6.178"]
[White "Shalnyeva, Olga"]
[Black "Deketelaere, Francky"]
[Result "0-1"]
[WhiteElo "2067"]
[BlackElo "1895"]
[PlyCount "26"]
[EventDate "2013.??.??"]

1. e4 d6 2. d4 Nf6 3. Bd3 e5 4. dxe5 dxe5 5. Nf3 Nbd7 6. O-O Be7 7. b3 c6 8.
Bb2 Qc7 9. a4 a5 10. Nbd2 O-O 11. Nc4 Bd6 12. Re1 Re8 13. Nxd6 Qxd6 0-1

[Event "Cappelle-la-Grande"]
[Site "Cappelle-la-Grande (FRA)"]
[Date "2013.02.27"]
[Round "6.206"]
[White "Geene, Joris"]
[Black "Rosenauer, Horst"]
[Result "0-1"]
[WhiteElo "1630"]
[BlackElo "1885"]
[PlyCount "22"]
[EventDate "2013.??.??"]

1. e4 e5 2. Nf3 Nc6 3. d4 exd4 4. Bc4 Nf6 5. e5 d5 6. Bb5 Ne4 7. Nxd4 Bd7 8.
Bxc6 bxc6 9. f3 Qh4+ 10. Ke2 Qf2+ 11. Kd3 c5 0-1

[Event "Cappelle-la-Grande"]
[Site "Cappelle-la-Grande (FRA)"]
[Date "2013.02.27"]
[Round "6.226"]
[White "Grall, Gwenole"]
[Black "Hurreau, Jean Francois"]
[Result "1-0"]
[WhiteElo "1746"]
[BlackElo "1516"]
[PlyCount "37"]
[EventDate "2013.??.??"]

1. e4 d5 2. exd5 Qxd5 3. Nc3 Qa5 4. d4 Nf6 5. Bc4 e6 6. Bd2 c6 7. Nd5 Qd8 8.
Nxf6+ Qxf6 9. Nf3 h6 10. O-O Bd6 11. Re1 O-O 12. Bc3 Qd8 13. Ne5 Qc7 14. Qh5 b5
15. Bd3 Ba6 16. Bd2 f5 17. Bxh6 gxh6 18. Qg6+ Qg7 19. Qxe6+ 1-0

[Event "Cappelle-la-Grande"]
[Site "Cappelle-la-Grande (FRA)"]
[Date "2013.02.28"]
[Round "7.13"]
[White "Popovic, Dusan"]
[Black "Lalic, Bogdan"]
[Result "1/2-1/2"]
[WhiteElo "2574"]
[BlackElo "2478"]
[PlyCount "40"]
[EventDate "2013.??.??"]

1. e4 e6 2. d4 d5 3. Nd2 c5 4. Ngf3 cxd4 5. Nxd4 Nf6 6. exd5 Qxd5 7. Nb5 Na6 8.
Nc3 Qd6 9. Bc4 Be7 10. O-O O-O 11. Qe2 Nc5 12. Nde4 Ncxe4 13. Nxe4 Qe5 14.
Nxf6+ Bxf6 15. Qxe5 Bxe5 16. Re1 Bf6 17. Rd1 b6 18. c3 Bb7 19. Be3 Rfd8 20. f3
Rac8 1/2-1/2

[Event "Cappelle-la-Grande"]
[Site "Cappelle-la-Grande (FRA)"]
[Date "2013.02.28"]
[Round "7.15"]
[White "Mateo, Ramon"]
[Black "Sumets, Andrey"]
[Result "1/2-1/2"]
[WhiteElo "2427"]
[BlackElo "2632"]
[PlyCount "153"]
[EventDate "2013.??.??"]

1. e4 c6 2. d4 d5 3. Nc3 dxe4 4. Nxe4 Bf5 5. Ng3 Bg6 6. h4 h6 7. Nf3 Nd7 8. h5
Bh7 9. Bd3 Bxd3 10. Qxd3 e6 11. Bf4 Qa5+ 12. Bd2 Bb4 13. Ne4 Ngf6 14. Nd6+ Ke7
15. Nc4 Bxd2+ 16. Nfxd2 Qc7 17. O-O-O Rhd8 18. f4 Kf8 19. f5 exf5 20. Qxf5 Nb6
21. g4 Qd7 22. Qc5+ Qe7 23. Qxe7+ Kxe7 24. Ne3 Kf8 25. Nf3 Nbd5 26. Nxd5 Rxd5
27. Rdg1 Ne4 28. Re1 Re8 29. c3 Rdd8 30. Rhg1 Nf2 31. Kd2 Rxe1 32. Nxe1 Re8 33.
Nd3 Ne4+ 34. Kc2 Nd6 35. Re1 Rxe1 36. Nxe1 f5 37. gxf5 Kf7 38. Kd3 Kf6 39. c4
Nxf5 40. b4 Ng3 41. b5 cxb5 42. cxb5 Ke6 43. Kc4 Nxh5 44. b6 axb6 45. Kb5 Kd7
46. Kxb6 Kc8 47. Kc5 Kc7 48. Kd5 Kd7 49. Nd3 Nf6+ 50. Ke5 Ke7 51. Kf5 Nd5 52.
Ke5 Nc3 53. a3 Nb5 54. a4 Nd6 55. Nf4 Nc4+ 56. Kf5 g5 57. Nd3 Kd6 58. Kg6 g4
59. Kxh6 g3 60. Ne1 Ne3 61. Kg5 g2 62. Nf3 Kd5 63. Kf4 Nf1 64. Ng1 Kxd4 65. Kf3
Ne3 66. Kf2 Ke4 67. Nh3 b6 68. Ng1 Kd4 69. Nh3 Kd3 70. Ng1 Ke4 71. Nh3 Kd3 72.
Ng1 Nd1+ 73. Kxg2 Nc3 74. Nf3 Nxa4 75. Ne5+ Ke2 76. Nc6 b5 77. Nd4+ 1/2-1/2

[Event "Cappelle-la-Grande"]
[Site "Cappelle-la-Grande (FRA)"]
[Date "2013.02.28"]
[Round "7.16"]
[White "Rozentalis, Eduardas"]
[Black "Bailet, Pierre"]
[Result "1/2-1/2"]
[WhiteElo "2613"]
[BlackElo "2440"]
[PlyCount "118"]
[EventDate "2013.??.??"]

1. e4 c6 2. d4 d5 3. Nd2 dxe4 4. Nxe4 Bf5 5. Ng3 Bg6 6. Nh3 Nf6 7. c3 e6 8. Nf4
Bd6 9. Bc4 Nbd7 10. Qe2 Qc7 11. Nfh5 O-O 12. Nxf6+ Nxf6 13. O-O Bf4 14. Bb3
Rad8 15. Re1 Rfe8 16. Bxf4 Qxf4 17. Rad1 h6 18. Qe3 Nd5 19. Qxf4 Nxf4 20. Bc4
Kf8 21. f3 Rd7 22. Kf2 Red8 23. Ne4 b6 24. g3 Nh3+ 25. Kg2 Ng5 26. Nf2 c5 27.
h4 Nh7 28. Ng4 cxd4 29. Ne5 Rd6 30. Nxg6+ fxg6 31. Bxe6 dxc3 32. Rxd6 Rxd6 33.
bxc3 Nf6 34. g4 Nd5 35. Kg3 Nxc3 36. Bb3 Rd2 37. Kf4 a5 38. Ke5 a4 39. Be6 Ke7
40. a3 b5 41. f4 Re2+ 42. Rxe2 Nxe2 43. f5 gxf5 44. Bxf5 b4 45. axb4 a3 46. Be6
Nf4 47. Bb3 Nd3+ 48. Kf5 Nxb4 49. g5 h5 50. Kg6 Kf8 51. Kxh5 a2 52. Bxa2 Nxa2
53. Kg6 Nc3 54. h5 Nd5 55. h6 Ne7+ 56. Kh7 g6 57. Kh8 Ng8 58. h7 Nf6 59. gxf6
g5 1/2-1/2

[Event "Cappelle-la-Grande"]
[Site "Cappelle-la-Grande (FRA)"]
[Date "2013.02.28"]
[Round "7.17"]
[White "Vovk, Yuri"]
[Black "Bruno, Fabio"]
[Result "1-0"]
[WhiteElo "2594"]
[BlackElo "2440"]
[PlyCount "67"]
[EventDate "2013.??.??"]

1. d4 e6 2. c4 f5 3. g3 Nf6 4. Bg2 d5 5. Nh3 c6 6. Qc2 Be7 7. O-O O-O 8. Nd2
Bd7 9. Nf3 Ng4 10. Nf4 g5 11. Nd3 h6 12. b4 a6 13. a4 Be8 14. Nc5 Qc8 15. Bb2
Bxc5 16. dxc5 Nd7 17. Bc3 Bg6 18. h4 Kh7 19. hxg5 f4 20. Qd2 Qc7 21. gxh6 Rae8
22. Bh3 Bf5 23. Ng5+ Kxh6 24. gxf4 Kg6 25. f3 Nh6 26. Kg2 e5 27. cxd5 exf4 28.
Ne4 cxd5 29. Nd6 Re3 30. Bd4 Rfe8 31. Nxe8 Rxe8 32. Rae1 Kf7 33. e4 fxe3 34.
Bxe3 1-0

[Event "Cappelle-la-Grande"]
[Site "Cappelle-la-Grande (FRA)"]
[Date "2013.02.28"]
[Round "7.18"]
[White "Zhigalko, Andrey"]
[Black "Aghasaryan, Robert"]
[Result "1-0"]
[WhiteElo "2588"]
[BlackElo "2425"]
[PlyCount "97"]
[EventDate "2013.??.??"]

1. e4 e5 2. Nf3 Nc6 3. Bc4 Bc5 4. O-O Nf6 5. d3 O-O 6. Nbd2 a6 7. c3 d6 8. Bb3
Ba7 9. h3 Ne7 10. Re1 Ng6 11. Nf1 Re8 12. Ng3 Be6 13. d4 Bxb3 14. Qxb3 Rb8 15.
Be3 exd4 16. Bxd4 Bxd4 17. cxd4 c6 18. a3 Qc7 19. Re3 c5 20. Rc1 b5 21. e5 dxe5
22. Rxc5 Qb6 23. Nxe5 Nxe5 24. Rcxe5 Qxd4 25. Nf5 Qc4 26. Rxe8+ Nxe8 27. Qd1 g6
28. b3 Qf4 29. Rf3 Qg5 30. h4 Qh5 31. Qd4 gxf5 32. Rg3+ Qg6 33. Qa7 Rd8 34.
Qxa6 Qxg3 35. fxg3 Rd1+ 36. Kf2 Nd6 37. Ke2 Rd4 38. Qb6 Rd5 39. Qc6 Ne4 40. Ke3
Rc5 41. Qa8+ Kg7 42. Kd4 Rc2 43. g4 Rd2+ 44. Ke3 Rb2 45. gxf5 Nf6 46. b4 h5 47.
Qc6 Rb3+ 48. Kd4 Rxa3 49. Qxb5 1-0

[Event "Cappelle-la-Grande"]
[Site "Cappelle-la-Grande (FRA)"]
[Date "2013.02.28"]
[Round "7.19"]
[White "Gurevich, Mikhail"]
[Black "Solomon, Kenny"]
[Result "1-0"]
[WhiteElo "2581"]
[BlackElo "2423"]
[PlyCount "79"]
[EventDate "2013.??.??"]

1. c4 Nf6 2. g3 c6 3. b3 g6 4. Bb2 Bg7 5. Nf3 O-O 6. Bg2 d5 7. O-O Bg4 8. d3
Bxf3 9. Bxf3 Nbd7 10. Nd2 Re8 11. Rc1 e5 12. cxd5 Nxd5 13. Qc2 Nf8 14. a3 Ne6
15. e3 Qd7 16. Bg2 Rad8 17. Nf3 Qd6 18. b4 Ndc7 19. Rfd1 f5 20. Qb3 Kh8 21. Rd2
h6 22. Qc4 Kh7 23. Rcd1 Nd5 24. Qc2 Nb6 25. e4 f4 26. d4 fxg3 27. hxg3 exd4 28.
Nxd4 Nxd4 29. Bxd4 Bxd4 30. Rxd4 Qxd4 31. Rxd4 Rxd4 32. Qc5 Rd7 33. f4 Nc8 34.
f5 Rf7 35. Bh3 Nb6 36. Qd6 Rg8 37. Qe6 Rgg7 38. e5 Nd5 39. f6 Nc7 40. Qd6 1-0

[Event "Cappelle-la-Grande"]
[Site "Cappelle-la-Grande (FRA)"]
[Date "2013.02.28"]
[Round "7.20"]
[White "Skytte, Rasmus"]
[Black "Nabaty, Tamir"]
[Result "0-1"]
[WhiteElo "2419"]
[BlackElo "2573"]
[PlyCount "60"]
[EventDate "2013.??.??"]

1. d4 Nf6 2. c4 e6 3. Nc3 Bb4 4. e3 b6 5. Nge2 Bb7 6. a3 Be7 7. d5 O-O 8. Ng3
Bd6 9. e4 Re8 10. Be2 Be5 11. Bd2 exd5 12. exd5 c6 13. O-O cxd5 14. Bf3 Nc6 15.
Nxd5 Nxd5 16. Bxd5 Bxb2 17. Rb1 Be5 18. Nf5 Qf6 19. Qg4 Qg6 20. Qh3 Na5 21.
Bxb7 Nxb7 22. f4 Bf6 23. Rb3 Nd6 24. Nxg7 Bd4+ 25. Kh1 Bxg7 26. Rg3 Qc2 27.
Rxg7+ Kxg7 28. Bc3+ f6 29. f5 Ne4 30. Qg4+ Kh8 0-1

[Event "Cappelle-la-Grande"]
[Site "Cappelle-la-Grande (FRA)"]
[Date "2013.02.28"]
[Round "7.21"]
[White "Terrieux, Kevin"]
[Black "Cornette, Matthieu"]
[Result "1/2-1/2"]
[WhiteElo "2419"]
[BlackElo "2567"]
[PlyCount "42"]
[EventDate "2013.??.??"]

1. d4 d5 2. Nf3 Nf6 3. e3 g6 4. c4 c6 5. Nc3 Bg7 6. Bd3 O-O 7. O-O Bg4 8. h3
Bxf3 9. Qxf3 e6 10. Rd1 Nbd7 11. Bf1 Qe7 12. e4 dxe4 13. Nxe4 Nxe4 14. Qxe4
Rfd8 15. Be3 a5 16. Rab1 a4 17. Qc2 Nf6 18. b4 axb3 19. Rxb3 Ne8 20. Qb1 Rd7
21. d5 cxd5 1/2-1/2

[Event "Cappelle-la-Grande"]
[Site "Cappelle-la-Grande (FRA)"]
[Date "2013.02.28"]
[Round "7.22"]
[White "Malakhatko, Vadim"]
[Black "Todorcevic Antic, Miodrag"]
[Result "1-0"]
[WhiteElo "2565"]
[BlackElo "2419"]
[PlyCount "99"]
[EventDate "2013.??.??"]

1. d4 g6 2. c4 Bg7 3. Nc3 d6 4. e4 e5 5. Nge2 Nc6 6. Be3 Nh6 7. d5 Ne7 8. f3 f5
9. Qd2 Nf7 10. O-O-O O-O 11. Kb1 a6 12. c5 dxc5 13. Bxc5 b6 14. Ba3 Nd6 15. Nc1
Bd7 16. Nb3 f4 17. Bd3 a5 18. Qe2 Nec8 19. Nb5 Rf6 20. Rc1 Bxb5 21. Bxb5 Bf8
22. Bc6 Rb8 23. Rc2 a4 24. Nc1 b5 25. b3 axb3 26. axb3 Na7 27. Bb2 Nf7 28. Nd3
Nxc6 29. dxc6 Qe8 30. Rhc1 Qe6 31. Rc3 Ra8 32. Nf2 b4 33. Rd3 h5 34. Rd5 Qe8
35. Qc4 Re6 36. Rd7 Bd6 37. Nd3 Re7 38. Rxd6 cxd6 39. Nxb4 Kg7 40. Nd5 Ng5 41.
Nxf4 Kh6 42. Nd5 Ne6 43. Nxe7 Qxe7 44. b4 Nc7 45. Rd1 Rb8 46. g3 Rb5 47. Qg8
Rxb4 48. Qh8+ Qh7 49. Qxh7+ Kxh7 50. Rxd6 1-0

[Event "Cappelle-la-Grande"]
[Site "Cappelle-la-Grande (FRA)"]
[Date "2013.02.28"]
[Round "7.24"]
[White "Caprio, Guido"]
[Black "Vovk, Andrey"]
[Result "1/2-1/2"]
[WhiteElo "2402"]
[BlackElo "2564"]
[PlyCount "74"]
[EventDate "2013.??.??"]

1. d4 Nf6 2. c4 g6 3. Nc3 Bg7 4. e4 d6 5. Nf3 O-O 6. h3 e5 7. d5 Nh5 8. g3 a5
9. Nh2 Na6 10. Be2 Nc5 11. Bxh5 gxh5 12. g4 hxg4 13. hxg4 Qh4 14. Be3 h5 15.
gxh5 Nxe4 16. h6 Nxc3 17. bxc3 Bf6 18. Rg1+ Kh8 19. Qf3 Kh7 20. Kd2 e4 21. Qg3
Qxg3 22. fxg3 Be5 23. Bf4 f5 24. Nf1 b6 25. Ne3 Bd7 26. Raf1 Rf7 27. g4 Bh8 28.
gxf5 Raf8 29. Rg5 Bf6 30. Rg4 Bh8 31. Bg3 Bxf5 32. Nxf5 Rxf5 33. Rxf5 Rxf5 34.
Rxe4 Kxh6 35. Rh4+ Kg7 36. Rg4+ Kf7 37. Rf4 Rxf4 1/2-1/2

[Event "Cappelle-la-Grande"]
[Site "Cappelle-la-Grande (FRA)"]
[Date "2013.02.28"]
[Round "7.25"]
[White "Kovacevic, Aleksandar"]
[Black "Pulvett, Daniel"]
[Result "1-0"]
[WhiteElo "2563"]
[BlackElo "2385"]
[PlyCount "73"]
[EventDate "2013.??.??"]

1. e4 c5 2. Nf3 d6 3. d4 cxd4 4. Nxd4 Nf6 5. Nc3 a6 6. Be3 e6 7. f3 b5 8. Qd2
b4 9. Nd1 Nbd7 10. Nc6 Qc7 11. Nxb4 a5 12. Nd3 d5 13. exd5 Nxd5 14. Bd4 e5 15.
Nc3 exd4 16. Nxd5 Qb7 17. Qe2+ Kd8 18. Qe4 Bb4+ 19. Kf2 Re8 20. Qxd4 Bf8 21.
Be2 Ra6 22. c4 Rae6 23. Rhe1 Qb8 24. g3 Bb7 25. Kf1 Bxd5 26. Qxd5 Qa7 27. Rad1
Kc8 28. Nf4 Rh6 29. c5 Re5 30. Qxf7 Rxh2 31. Rxd7 Bxc5 32. Rxa7 Rf2+ 33. Kg1
Rfxe2+ 34. Kh1 Rxe1+ 35. Kg2 Bxa7 36. Qxa7 g5 37. Nd5 1-0

[Event "Cappelle-la-Grande"]
[Site "Cappelle-la-Grande (FRA)"]
[Date "2013.02.28"]
[Round "7.26"]
[White "Sequera Paolini, Jose"]
[Black "Papin, Vasily"]
[Result "1/2-1/2"]
[WhiteElo "2396"]
[BlackElo "2562"]
[PlyCount "74"]
[EventDate "2013.??.??"]

1. e4 c5 2. Nf3 e6 3. d4 cxd4 4. Nxd4 a6 5. Bd3 Qb6 6. Nb3 Qc7 7. Nc3 Nf6 8.
O-O d6 9. Qe2 Nbd7 10. f4 b5 11. Bd2 Be7 12. Rae1 b4 13. Nd1 Bb7 14. Kh1 a5 15.
e5 Nd5 16. c4 bxc3 17. Nxc3 O-O 18. Nb5 Qb6 19. exd6 Bf6 20. a4 g6 21. Rc1 Bxb2
22. Rc2 Bf6 23. Rfc1 e5 24. Rc7 Nxc7 25. Be3 Bxg2+ 26. Kg1 Qb7 27. Rxc7 Qd5 28.
Bc4 Qe4 29. Nd2 Qf5 30. Qxg2 exf4 31. Bf2 Rae8 32. Nf3 Ne5 33. Nxe5 Rxe5 34.
Bf1 f3 35. Qh3 Qe4 36. Rc5 Rxc5 37. Bxc5 Qd5 1/2-1/2

[Event "Cappelle-la-Grande"]
[Site "Cappelle-la-Grande (FRA)"]
[Date "2013.02.28"]
[Round "7.27"]
[White "Nakar, Eylon"]
[Black "Petkov, Vladimir"]
[Result "0-1"]
[WhiteElo "2385"]
[BlackElo "2559"]
[PlyCount "146"]
[EventDate "2013.??.??"]

1. e4 c5 2. Nf3 d6 3. d4 cxd4 4. Nxd4 Nf6 5. Nc3 a6 6. h3 e5 7. Nde2 h5 8. Bg5
Be6 9. Bxf6 Qxf6 10. Nd5 Qd8 11. Nec3 Nd7 12. Bc4 Rc8 13. Qe2 Qg5 14. g3 h4 15.
g4 Be7 16. Ne3 Nf6 17. Bd5 Rc7 18. O-O-O Rxc3 19. bxc3 Bxd5 20. exd5 O-O 21.
Kb2 g6 22. Ng2 Nd7 23. Rhf1 Re8 24. Qe3 Nc5 25. f4 exf4 26. Qxf4 Qxf4 27. Rxf4
Bg5 28. Rf3 Nd7 29. Rd4 Kg7 30. a4 Ne5 31. Rf2 Re7 32. Kb3 Nd7 33. Rc4 Nc5+ 34.
Kb4 b6 35. Nf4 Rc7 36. Re2 Rb7 37. Ka3 b5 38. axb5 axb5 39. Rb4 Bf6 40. Re3
Ra7+ 41. Kb2 Ra5 42. Ne2 Na6 43. Rb3 b4 44. Kb1 bxc3 45. Nxc3 Nc5 46. Rb4 Ra8
47. Rc4 Nd7 48. Rb4 Be5 49. g5 Ra3 50. Rb3 Ra6 51. Na2 Ra5 52. c4 Bf4 53. Re7
Ne5 54. Rb5 Ra3 55. c5 dxc5 56. d6 Rd3 57. Rxc5 Nf3 58. d7 Bxg5 59. Rxg5 Nxg5
60. Nb4 Rd6 61. Nc6 Kf6 62. Kb2 Ne6 63. Rxe6+ fxe6 64. d8=Q+ Rxd8 65. Nxd8 g5
66. Nc6 g4 67. Nd4 e5 68. Nc2 gxh3 69. Ne3 Kg5 70. Nf1 Kf4 71. Kc3 Kf3 72. Kd2
Kf2 73. Nh2 Kg2 0-1

[Event "Cappelle-la-Grande"]
[Site "Cappelle-la-Grande (FRA)"]
[Date "2013.02.28"]
[Round "7.28"]
[White "Eingorn, Vereslav S"]
[Black "Grekh, Andrey"]
[Result "1-0"]
[WhiteElo "2547"]
[BlackElo "2373"]
[PlyCount "99"]
[EventDate "2013.??.??"]

1. Nf3 Nf6 2. c4 e6 3. g3 b6 4. Bg2 Bb7 5. d4 Bb4+ 6. Bd2 Bxd2+ 7. Qxd2 O-O 8.
O-O Ne4 9. Qc2 f5 10. Nc3 Nxc3 11. Qxc3 Be4 12. Rac1 Qf6 13. d5 Qxc3 14. Rxc3
Na6 15. dxe6 dxe6 16. Nd4 Bxg2 17. Kxg2 Nc5 18. b4 Rfd8 19. e3 Ne4 20. Rc2 Kf7
21. c5 bxc5 22. bxc5 Rd5 23. Rb1 Rxc5 24. Rxc5 Nxc5 25. Rc1 Nd7 26. Rxc7 Ke7
27. Rc6 Nf8 28. Ra6 g6 29. f4 h6 30. h3 Kd7 31. Kf3 Ke7 32. g4 Kd7 33. h4 h5
34. g5 Ke7 35. Ke2 Kd7 36. a4 Rb8 37. Rxa7+ Kd6 38. Nb5+ Kd5 39. Re7 Kc5 40.
Kd3 Ra8 41. Rf7 Kc6 42. Ra7 Rd8+ 43. Kc4 Rc8 44. Kb4 Kd5 45. Nc3+ Kc6 46. Ra6+
Kb7 47. Rd6 Re8 48. a5 e5 49. Nb5 exf4 50. Rb6+ 1-0

[Event "Cappelle-la-Grande"]
[Site "Cappelle-la-Grande (FRA)"]
[Date "2013.02.28"]
[Round "7.29"]
[White "Jovanic, Ognjen"]
[Black "Marechal, Andy"]
[Result "1-0"]
[WhiteElo "2547"]
[BlackElo "2354"]
[PlyCount "131"]
[EventDate "2013.??.??"]

1. d4 d5 2. c4 c6 3. Nc3 Nf6 4. e3 g6 5. Nf3 Bg7 6. Be2 O-O 7. O-O dxc4 8. Bxc4
Bg4 9. Be2 Nd5 10. h3 Bxf3 11. Bxf3 e6 12. Bd2 Nd7 13. Qc2 Rc8 14. Rfd1 Qe7 15.
Qb3 b6 16. Nxd5 exd5 17. Bb4 c5 18. Ba3 Rfd8 19. Bxd5 Qf6 20. Rac1 cxd4 21.
Rxc8 Rxc8 22. Rxd4 Rc1+ 23. Rd1 Rxd1+ 24. Qxd1 Bf8 25. Bxf8 Kxf8 26. Qc2 Qd6
27. Qc8+ Kg7 28. Qc6 Qxc6 29. Bxc6 Ne5 30. Bb5 f5 31. f4 Nf7 32. Kf2 Nd6 33.
Bd3 h6 34. Kf3 Kf6 35. e4 fxe4+ 36. Bxe4 g5 37. g3 Nc4 38. b3 Nd6 39. Bd3 gxf4
40. gxf4 Ke6 41. Bc4+ Kf5 42. Ke3 Ne8 43. Bd3+ Ke6 44. Kd4 Nf6 45. Be4 Nh5 46.
Ke3 a5 47. Bg6 Nf6 48. Kd4 Nd7 49. Bh5 Nf6 50. Bg4+ Kd6 51. a3 Nd5 52. Ke4 Ne7
53. a4 Nd5 54. Kf5 Ke7 55. Ke5 Nb4 56. Bf3 Nd3+ 57. Kf5 Kd6 58. Be2 Nb4 59. Bc4
Nc6 60. Kg6 Ke7 61. Bd5 Nb4 62. Be4 Na6 63. f5 Nc5 64. f6+ Kf8 65. Bd5 Nd7 66.
Bc4 1-0

[Event "Cappelle-la-Grande"]
[Site "Cappelle-la-Grande (FRA)"]
[Date "2013.02.28"]
[Round "7.30"]
[White "Arutinian, David"]
[Black "Kostiuk, Tatiana"]
[Result "1-0"]
[WhiteElo "2545"]
[BlackElo "2338"]
[PlyCount "101"]
[EventDate "2013.??.??"]

1. Nf3 Nf6 2. g3 g6 3. Bg2 Bg7 4. O-O c5 5. c4 d5 6. d4 cxd4 7. Nxd4 dxc4 8.
Na3 c3 9. bxc3 O-O 10. Rb1 Nd5 11. Ndb5 Nxc3 12. Nxc3 Bxc3 13. Rxb7 Qxd1 14.
Rxd1 Bxb7 15. Bxb7 Nc6 16. Bxc6 Rad8 17. Ba4 Rxd1+ 18. Bxd1 Rb8 19. Bb3 a5 20.
Be3 e6 21. Kg2 Rb4 22. Nc2 Rb7 23. f4 h5 24. Kf3 Rd7 25. Bc4 Rc7 26. Bb3 Rb7
27. Bf2 Rc7 28. Ne1 Bd2 29. Nd3 Rc8 30. Bc5 Rb8 31. Ba4 Rb1 32. Bd7 Rh1 33. a4
h4 34. Kg2 Rd1 35. Bb5 hxg3 36. hxg3 Bc3 37. Nf2 Ra1 38. Ne4 Be1 39. g4 Bb4 40.
Nf6+ Kg7 41. Bd4 Rd1 42. e3 Kf8 43. g5 Ke7 44. Ng4 Rc1 45. Kf3 Rc2 46. Ke4 Rg2
47. Ne5 Rc2 48. Nc6+ Kd6 49. Be5+ Kc5 50. Nd8 Rd2 51. Bd4+ 1-0

[Event "Cappelle-la-Grande"]
[Site "Cappelle-la-Grande (FRA)"]
[Date "2013.02.28"]
[Round "7.31"]
[White "Kharitonov, Alexandr"]
[Black "Klinova, Masha"]
[Result "1-0"]
[WhiteElo "2536"]
[BlackElo "2327"]
[PlyCount "55"]
[EventDate "2013.??.??"]

1. d4 Nf6 2. c4 g6 3. g3 Bg7 4. Bg2 c6 5. e4 d6 6. Nc3 O-O 7. Nf3 e5 8. O-O
Nbd7 9. h3 a6 10. Qc2 b5 11. Rd1 Qe7 12. c5 dxc5 13. Nxe5 Bb7 14. Nxd7 Nxd7 15.
dxc5 Nxc5 16. Be3 Ne6 17. f4 Rad8 18. e5 f6 19. exf6 Qxf6 20. Bb6 Rxd1+ 21.
Qxd1 Bc8 22. Qd6 Nd4 23. Qxf6 Bxf6 24. Rd1 Nf5 25. g4 Ne7 26. Bc5 Re8 27. Ne4
Bxb2 28. Bxe7 1-0

[Event "Cappelle-la-Grande"]
[Site "Cappelle-la-Grande (FRA)"]
[Date "2013.02.28"]
[Round "7.33"]
[White "Kunin, Vitaly"]
[Black "Stephan, Victor"]
[Result "1/2-1/2"]
[WhiteElo "2525"]
[BlackElo "2324"]
[PlyCount "127"]
[EventDate "2013.??.??"]

1. e4 c6 2. d4 d5 3. exd5 cxd5 4. Nf3 Nf6 5. Bd3 Nc6 6. c3 Qc7 7. O-O Bg4 8.
Nbd2 e6 9. Re1 Bd6 10. Nf1 Bf4 11. Bxf4 Qxf4 12. Qb3 Qc7 13. Ne5 Bh5 14. f4 O-O
15. Qc2 Bg6 16. Nxg6 hxg6 17. Qf2 Ne7 18. Qf3 Nh5 19. Re5 Rae8 20. g3 Nc8 21.
Rae1 Nd6 22. g4 Nf6 23. Ng3 b5 24. h4 b4 25. h5 bxc3 26. bxc3 Qxc3 27. hxg6
fxg6 28. Kg2 Nfe4 29. Bxe4 Qxe1 30. Bxg6 Qd2+ 31. Ne2 Ne4 32. Rh5 Nf6 33. g5
Rb8 34. gxf6 Rxf6 35. Bd3 Rb2 36. f5 g6 37. Rh3 Kg7 38. Qg3 exf5 39. Qc7+ Rf7
40. Qe5+ Rf6 41. Qc7+ Rf7 42. Qd8 Rf8 43. Qxd5 Qg5+ 44. Rg3 Qe7 45. Kf1 Qc7 46.
Rh3 Rh8 47. Rxh8 Kxh8 48. Qe6 Qh2 49. d5 Rxa2 50. Qf6+ Kh7 51. Qf7+ Kh8 52.
Qf6+ Kh7 53. d6 Qh3+ 54. Kf2 Qxd3 55. Qf7+ Kh6 56. Qxa2 Qxd6 57. Qxa7 f4 58.
Qa8 g5 59. Qh1+ Kg7 60. Qe4 Qa3 61. Qe5+ Kg6 62. Nc3 Qa7+ 63. Kg2 Qe3 64. Qxe3
1/2-1/2

[Event "Cappelle-la-Grande"]
[Site "Cappelle-la-Grande (FRA)"]
[Date "2013.02.28"]
[Round "7.36"]
[White "Gabuzyan, Hovhannes"]
[Black "Ambartsumova, Karina"]
[Result "1-0"]
[WhiteElo "2517"]
[BlackElo "2294"]
[PlyCount "45"]
[EventDate "2013.??.??"]

1. Nf3 Nf6 2. g3 d5 3. Bg2 e6 4. O-O Be7 5. d4 b5 6. Nc3 a6 7. e4 b4 8. e5 bxc3
9. exf6 Bxf6 10. bxc3 O-O 11. Ne5 c5 12. Re1 Nd7 13. c4 cxd4 14. Ng4 Nb6 15.
cxd5 Nxd5 16. Nxf6+ Qxf6 17. Bb2 Rb8 18. Bxd4 Qd8 19. Qe2 Bb7 20. Rad1 Qg5 21.
Be5 Rbd8 22. c4 f6 23. f4 1-0

[Event "Cappelle-la-Grande"]
[Site "Cappelle-la-Grande (FRA)"]
[Date "2013.02.28"]
[Round "7.37"]
[White "Kojima, Shinya"]
[Black "Kiselev, Vitaliy"]
[Result "1/2-1/2"]
[WhiteElo "2368"]
[BlackElo "2517"]
[PlyCount "55"]
[EventDate "2013.??.??"]

1. Nf3 d5 2. d4 Nf6 3. c4 e6 4. Nc3 Nbd7 5. Bf4 dxc4 6. e3 Nd5 7. Bxc4 Nxf4 8.
exf4 Bd6 9. g3 O-O 10. O-O Nf6 11. Ne5 c6 12. Re1 Nd5 13. Ne4 f6 14. Nf3 b6 15.
a3 Be7 16. Rc1 Bd7 17. Ba2 g6 18. Nc3 Kg7 19. Kg2 Be8 20. Qe2 Bf7 21. Bxd5 cxd5
22. Nb5 Bd6 23. Rc6 Bb8 24. Rec1 Re8 25. Nc7 Bxc7 26. Rxc7 Re7 27. Qc2 Rb8 28.
Rxe7 1/2-1/2

[Event "Cappelle-la-Grande"]
[Site "Cappelle-la-Grande (FRA)"]
[Date "2013.02.28"]
[Round "7.38"]
[White "Calistri, Tristan"]
[Black "Bernadskiy, Vitaliy"]
[Result "1-0"]
[WhiteElo "2349"]
[BlackElo "2503"]
[PlyCount "55"]
[EventDate "2013.??.??"]

1. e4 e6 2. d4 d5 3. Nc3 Nc6 4. Nf3 Nf6 5. e5 Ne4 6. Ne2 f6 7. Ng3 f5 8. Nh5
Ne7 9. Ng5 Ng6 10. Nxe4 dxe4 11. Be3 c5 12. dxc5 Qc7 13. Qd4 Nxe5 14. O-O-O Nc6
15. Bb5 e5 16. Qd5 f4 17. Bxf4 exf4 18. Rhe1 e3 19. Nxf4 Bg4 20. Rxe3+ Be7 21.
Ne6 Bxe6 22. Qxe6 Rf8 23. Rd6 Rf6 24. Qg8+ Rf8 25. Qxg7 Rxf2 26. Rxc6 Rf1+ 27.
Bxf1 bxc6 28. Qg8+ 1-0